Annual Report 1991

Saved in:
Bibliographic Details
Format: Book
Language:English
Published: Oslo Central Bureau of Statistics 1992
Edition:1. ed.
Subjects:
Tags: Add Tag
No Tags, Be the first to tag this record!

MARC

LEADER 00000nam a2200000 4500
001 c005421
005 20221206084640.2
020 |a 82-537-3658-4 
041 0 |a eng 
044 |a NO 
245 1 0 |a Annual Report 1991 
250 |a 1. ed. 
264 1 |a Oslo  |b Central Bureau of Statistics  |c 1992 
300 |a 27 s. 
610 2 0 |a 1991 
610 2 0 |a Nórsko 
610 2 0 |a výskum